|
|
|
|
| LEADER |
00000nam a22000005a 4500 |
| 001 |
20113 |
| 003 |
CL-ChBUA |
| 005 |
20120815103740.0 |
| 008 |
070301s1942 ag 000 0 spa |
| 040 |
|
|
|a CL-ChBUA
|c CL-ChBUA
|
| 082 |
0 |
0 |
|a 914
|
| 090 |
|
|
|c 20113
|d 20113
|
| 100 |
1 |
|
|a Menéndez, Esteban
|
| 245 |
1 |
0 |
|a Geografía de Europa y Oceanía
|
| 260 |
|
|
|b Kapelusz.
|a Buenos Aires.
|c c 1942.
|
| 300 |
|
|
|a 450 p.: il.
|b 450 p.: il.
|a mapas
|c 20 cm.
|
| 504 |
|
|
|a Indice.
|
| 650 |
|
4 |
|a EUROPA - GEOGRAFIA.
|
| 650 |
|
4 |
|a OCEANIA - GEOGRAFIA.
|
| 700 |
1 |
|
|a Manito, Oscar.
|
| 942 |
|
|
|c LIB
|
| 952 |
|
|
|0 0
|1 0
|4 0
|7 0
|9 27461
|a UNACH
|b UNACH
|c 900
|d 2007-03-05
|i 16.315.
|l 0
|o 914 / M 542.
|p 28460
|r 2012-12-27 00:00:00
|u 27461
|w 2012-08-08
|y LIB
|k 914 / M 542.
|
| 999 |
|
|
|c 20113
|d 20113
|